| 000 | 00676nam a2200181Ia 4500 | ||
|---|---|---|---|
| 008 | 151018s9999 xx 000 0 und d | ||
| 082 |
_bRBASDV34671 _a891.463 |
||
| 100 | _aसंजीव रत्नपारखी | ||
| 245 | _aहास्य कथा पोर्णिमा | ||
| 250 | _b1 | ||
| 260 |
_bपरिमल प्रकाशन औरंगाबाद _c1996 |
||
| 300 | _a75 | ||
| 600 | _aसंजीव रत्नपारखी | ||
| 630 | _aहास्य कथा पोर्णिमा | ||
| 700 | _aसंजीव रत्नपारखी | ||
| 730 | _aहास्य कथा पोर्णिमा | ||
| 942 | _cBOOK | ||
| 999 |
_c1034161 _d1034158 |
||